Aile içi şiddetin sebep ve sonuçları (Record no. 1655)
[ view plain ]
| 000 -BAŞLIK | |
|---|---|
| Sabit Uzunlukta Kontrol Alanı | 00877na a2200253 4500 |
| 001 - KONTROL NUMARASI | |
| Denetim Alanı | 13650 |
| 003 - KONTROL NUMARASI IDENTIFIER | |
| Denetim Alanı | MIRAKIL |
| 005 - SON İŞLEM TARİHİ VE ZAMANI | |
| Denetim Alanı | 20181213154830.0 |
| 008 - SABİT-BOY VERİ ELEMANLARI - GENEL BİLGİLER | |
| Sabit Uzunlukta Kontrol Alanı | 161102b tu 000 0 |
| 020 ## - ULUSLARARASI STANDART KİTAP NUMARASI | |
| Uluslararası Standart Kitap Numarası | 9751912296 |
| 035 ## - SİSTEM KONTROL NUMARASI | |
| Sistem Kontrol Numarası | 13650 |
| 040 ## - KATALOGLAMA KAYNAK | |
| Orijinal Kataloglama Ajansı | Milas |
| Kataloglama Dili | tur |
| Metne Dönüştürmek Ajansı | TR-AnCHP |
| 082 ## - DEWEY ONLU SINIFLANDIRMA NUMARASI | |
| Sınıflandırma Numarası | 362.8292 |
| Ürün Numarası | A54 1995 |
| 090 ## - SINIFLAMA NUMARASI | |
| Sınıflama Numarası | 362.8292 A54 1995 |
| 245 ## - BAŞLIK TABLOSU | |
| Başlık | Aile içi şiddetin sebep ve sonuçları |
| Başlığın Kalan | (aralık 1993 - aralık 1994) |
| Sorumluluk Tablosu, Vb | redaksiyon kurulu başkanı; Filiz Kavacıklı |
| 260 ## - YAYIN, DAĞITIM, VB | |
| Yayın, Dağıtım, Vb Yeri | Ankara |
| Yayıncı, Dağıtıcı, Vs Adı | T.C. Başbakanlık Aile Araştırma Kurumu Başkanlığı |
| Yayın, Dağıtım, Vb Tarihi | 1995 |
| 300 ## - FİZİKSEL TANIM | |
| Kapsam | xxiv, 321 s. |
| Diğer Fiziksel Ayrıntıları | tbl. |
| Boyutlar | 23 sm. |
| 650 ## - KONU KATMA GİRİŞ - TOPİKAL DÖNEM | |
| Topikal Süreli Veya Coğrafi Ad Giriş Elemanı | Toplumsal sorunlar |
| Genel Alt Bölümü | Aile içi şiddet |
| 650 ## - KONU KATMA GİRİŞ - TOPİKAL DÖNEM | |
| Topikal Süreli Veya Coğrafi Ad Giriş Elemanı | Şiddet |
| Genel Alt Bölümü | Araştırma ve inceleme |
| Coğrafi Alt Bölümü | Türkiye |
| 650 ## - KONU KATMA GİRİŞ - TOPİKAL DÖNEM | |
| Topikal Süreli Veya Coğrafi Ad Giriş Elemanı | Aile içi şiddet |
| Genel Alt Bölümü | Araştırma ve inceleme |
| Coğrafi Alt Bölümü | Türkiye |
| 700 ## - KATMA GİRİŞ - KİŞİSEL İSİM | |
| Kişisel Ad | Kavacıklı, Filiz |
| 710 ## - KATMA GİRİŞ - KURUMSAL ADI | |
| Giriş Elemanı Olarak Kurumsal Ad Veya Yargı Alanı Adı | Aile Araştırma Kurumu |
| 942 ## - EKLENDİ GİRİŞ ELEMANLARI (KOHA) | |
| Sınıflandırma Veya Raf Düzeni Kaynak | Dewey Decimal Classification |
| Koha Öğesi Türü | Books |
| 999 ## - SİSTEM KONTROL NUMARALARI (KOHA) | |
| Koha Biblionumber | 1655 |
| Koha Biblioitemnumber | 1655 |
| Kalıcı Konum | Mevcut Konum | Edinme Tarihi | Edinim Kaynak | Toplam Check-Out'Lar | Tam Çağrı Numarası | Barkod | Tarih Son Görülme | İtibaren Geçerli Fiyatlar | Koha Öğesi Türü |
|---|---|---|---|---|---|---|---|---|---|
| CHP Kütüphanesi | CHP Kütüphanesi | 08/15/2016 | Bağış | 362.8292 A54 1995 | 001032 | 08/15/2016 | 08/15/2016 | Books |
